Normal view
MARC view
Entry Corporate Name
001 - CONTROL NUMBER
- control field: 18831
003 - CONTROL NUMBER IDENTIFIER
- control field: HDC
005 - DATE AND TIME OF LATEST TRANSACTION
- control field: 20230624073538.0
008 - FIXED-LENGTH DATA ELEMENTS
- fixed length control field: 210308|| aca||aabn | a|a d
040 ## - CATALOGING SOURCE
- Original cataloging agency: HDC
- Transcribing agency: HDC
110 ## - HEADING--CORPORATE NAME
- Corporate name or jurisdiction name as entry element: ORGANIZATION OF ISLAMIC COOPERATION
670 ## - SOURCE DATA FOUND
- Source citation: Work cat.: (HDC): ORGANIZATION OF ISLAMIC COOPERATION, INTERNATIONAL TOURISM IN THE OIC COUNTRIES: PROSPECTS AND CHALLENGES 2020 /, 2020
